000 00597nam a2200229Ia 4500
005 20260320201755.0
008 008 262003s9999 xx 000 0 eng d
037 _aEBOOK
040 _aCRL
040 _beng
040 _cCRL
041 _2eng
041 _aeng
084 _qCRL
100 _aBorges
_91135890
245 0 _aAdversarial Tradecraft in Cybersecurity: Offense versus defense in real-time computer conflict
260 _bIEEE
856 _uhttps://ieeexplore.ieee.org/servlet/opac?bknumber=10162457
942 _cEBOOK
999 _c1723462
_d1723462